Mes 15 Sons Preferés de Werenoi 🔱 - Statistiques

Statistiques générales
  • Ce quiz a Ă©tĂ© pris 119 fois
  • Le rĂ©sultat moyen est 8 sur 15
Statistiques - réponses
Hint Réponse % Correct
12 (Feat : Gims) Piano
95%
6 (Feat : Maes) Selfie
73%
14 (Feat : Heuss l'enfoire) Melanine
70%
2 (Feat : Tiakola) Tout Seul
69%
10 Chemin d'or
67%
8 (Feat : Sdm) Metallica
67%
15 (Feat : Hamza Dragons
58%
9 Laboratoire
57%
4 Solitaire
51%
3 Pétunias
45%
11 Poney
45%
13 All eyes on me
41%
5 10032023
37%
1 Scarface
29%
7 Location
24%
Aucun quiz correspondant
Distribution des résultats
% des personnes avec chaque résultat
Percentile par nombre de réponses
Votre historique - résultats
Vous n’avez pas pris ce quiz